000 00334nam a2200133Ia 4500
008 191201s2014 xx 000 0 und d
100 _aTANENBAUM,Andrew S
245 0 _aDistributed Systems Principles and Paradigms
250 _a2nd
260 _aNew Delhi
_bPHI
_c2014
300 _a686
650 _aM.Tech(CSE)
942 _2ddc
_cBK
_01
999 _c5982
_d5982